书目信息 |
| 题名: |
知识经济学导论
|
|
| 作者: | 袁志刚 著 | |
| 分册: | ||
| 出版信息: | 上海 上海人民出版社 1999.9 |
|
| 页数: | 264页 | |
| 开本: | 21cm | |
| 丛书名: | ||
| 单 册: | ||
| 中图分类: | F062.3 | |
| 科图分类: | ||
| 主题词: | 知识经济--理论 | |
| 电子资源: | ||
| ISBN: | 7-208-03205-X | |
| 000 | 00466nam0 2200181 45 | |
| 001 | 0006270961 | |
| 005 | 20070710153248.76 | |
| 010 | @a7-208-03205-X@dCNY15.00 | |
| 100 | @a20000627d1999 km y0chiy0120 ea | |
| 101 | @achi | |
| 200 | 1 | @a知识经济学导论@f袁志刚著 |
| 210 | @a上海@c上海人民出版社@d1999.9 | |
| 215 | @a264页@d21cm | |
| 606 | 0 | @a知识经济@x理论 |
| 690 | @aF062.3@v1 | |
| 701 | @a袁志刚@4著 | |
| 801 | @aCN@bTSTC@c20070710 | |
| 905 | @dF062.3@e7@f2@b289349-350 | |
| 知识经济学导论/袁志刚著.-上海:上海人民出版社,1999.9 |
| 264页;21cm |
| ISBN 7-208-03205-X:CNY15.00 |
| ● |
| 相关链接 |
|
|
|
|
正题名:知识经济学导论
索取号:F062.3/7
 
预约/预借
| 序号 | 登录号 | 条形码 | 馆藏地/架位号 | 状态 | 备注 |
| 1 | 0289349 | 002893499 | 第一借阅区/ [索取号:F062.3/7] | 在馆 | |
| 2 | 0289350 | 002893505 | 第一借阅区/ [索取号:F062.3/7] | 在馆 | |
| 3 | 0289351 | 002893514 | 第一样本阅览室/ [索取号:F062.3/7] | 在馆 | |
| 4 | 0768014 | 207680142 | 密集书库/ [索取号:F062.3/7] | 在馆 |